000 00468nam a2200145Ia 4500
003 OSt
005 20260123113639.0
008 211028s2016 xx 000 0 und d
040 _cAIMIT LIBRARY
041 _aeng
100 _aPeris, Neil Harold; Kairanna, Sneha.
_g1416090
_97511
245 _aStudy on customer perception of branding with reference to shopping group of apparel stores, Mangalore /
260 _aMangalore
_bSneha Kairanna.
_c2016
942 _2ddc
_cPRO
999 _c219079
_d219079